|
|
|
|
| LEADER |
00000nam a2200000 a 4500 |
| 001 |
vtls001085160 |
| 003 |
SK-MaSNL |
| 005 |
20260301051515.0 |
| 008 |
250414s1987 xo 0 hun |
| 015 |
|
|
|a SNBA1987/08
|
| 035 |
|
|
|a SNK000027999
|
| 040 |
|
|
|a SNK
|b slo
|c SNK
|e AACR2
|
| 041 |
0 |
|
|a hun
|
| 044 |
|
|
|a xo
|c SK
|
| 080 |
|
|
|a 372.832:376.4(076.5)=945.11
|2 1981
|
| 080 |
|
|
|a 376.4(076.5)=945.11
|2 1981
|
| 100 |
1 |
|
|a Rusňáková, Jana
|4 aut
|9 358874
|
| 245 |
1 |
0 |
|a Feladatlapok a társadalmi ismeretek tankönyvéhez a kisegító iskola 7. osztálya számára. Polgári neveléstan
|c Jana Rusňáková, Bohumil Sedláček ; Viktor Kecskeméthy, Miloš Kašparek
|
| 250 |
|
|
|a 1., kiad.
|
| 260 |
|
|
|a Bratislava
|b Slovenské pedagogické nakladateľstvo
|c 1987
|e Nitra
|f Nitrianske tlačiarne
|
| 300 |
|
|
|a 18 s., 1,06 AH
|b Sch.
|c 29 cm
|
| 366 |
|
|
|e 1000 výtl.
|
| 500 |
|
|
|a Súbež. náz. slov. Schválilo MŠ SSR. Voľné listy v prebale.
|
| 700 |
1 |
|
|a Sedláček, Bohumil,
|d 1914-2006
|4 aut
|9 211626
|
| 700 |
1 |
|
|a Kecskeméthy, Viktor
|4 trl
|9 278795
|
| 700 |
1 |
|
|a Kašparek, Miloš
|4 bkd
|9 279864
|
| 852 |
|
|
|a Slovenská národná knižnica
|
| 958 |
|
|
|a OND
|
| 958 |
|
|
|a UX
|
| 958 |
|
|
|a CZ
|
| 958 |
|
|
|a TL
|
| 958 |
|
|
|a OP
|
| 958 |
|
|
|a HU
|
| 999 |
|
|
|c 603539
|d 605469
|
| 952 |
|
|
|t P60, <04>, [BOOK], {604}
|a SNK
|b SNK
|y VYP
|7 0
|p 17A0202590
|o snkSB 41790 D1
|0 0
|1 0
|4 0
|d 1999-07-19
|l 0
|r 2004-12-31 00:00:00
|w 2026-02-23
|
| 952 |
|
|
|a SNK
|b SNK
|y PREZ
|7 0
|p 17A0823814
|o snkSB 41790
|0 0
|1 0
|4 0
|d 2012-05-15
|f 1
|l 0
|r 2025-04-30 00:00:00
|w 2026-02-23
|